| 000 | 00819nam a2200253Ia 4500 | ||
|---|---|---|---|
| 003 | OSt | ||
| 005 | 20221005061852.0 | ||
| 006 | a|||||r|||| 00| 0 | ||
| 007 | ta | ||
| 008 | 221004b |||||||| |||| 00| 0 eng d | ||
| 020 |
_a978113834127 (hbk) _cINR 1050.00 |
||
| 024 | _a44039 | ||
| 037 |
_bP-1092/18-19, 15/03/2019, Manohar Publisher & Distributors _cTextual |
||
| 040 |
_aCRL _cCRL _beng |
||
| 041 |
_2eng _aeng |
||
| 082 | _aW.2, Q8 | ||
| 100 | _aSamaddar Ranabir Ed. | ||
| 245 | 0 | _aPolitical transition and development imperatives in India | |
| 260 |
_aLondon _bRoutledge UK _c2018 |
||
| 300 |
_aviii,296p. _ccm. |
||
| 650 | _aPOLITICAL SCIENCE | ||
| 942 |
_hW.2, Q8 _cTEXL _2cc |
||
| 999 |
_c968856 _d968856 |
||